Engineering materials 1

שמור ב:
מידע ביבליוגרפי
מחבר ראשי: Ashby, Michael F.
פורמט: ספר
שפה:Undetermined
יצא לאור: Oxford Butterworth - Heinemann 2003
נושאים:
תגים: הוספת תג
אין תגיות, היה/י הראשונ/ה לתייג את הרשומה!
Thư viện lưu trữ: Trung tâm Học liệu Trường Đại học Cần Thơ
LEADER 00530nam a2200193Ia 4500
001 CTU_74797
008 210402s9999 xx 000 0 und d
020 |c 757000 
082 |a 620.11 
082 |b A823 
100 |a Ashby, Michael F. 
245 0 |a Engineering materials 1 
245 0 |c Michael F. Ashby, David R H Jones 
260 |a Oxford 
260 |b Butterworth - Heinemann 
260 |c 2003 
650 |a Engineering materials science 
904 |i Nguyên 
980 |a Trung tâm Học liệu Trường Đại học Cần Thơ